Focus (Record no. 78402)

MARC details
000 -LEADER
fixed length control field 01231cab a2200241 4500
001 - CONTROL NUMBER
control field L136687
008 - FIXED-LENGTH DATA ELEMENTS--GENERAL INFORMATION
fixed length control field 070215n2007 000 0 eng u
035 ## - SYSTEM CONTROL NUMBER
System control number (Sirsi) u136687
041 0# - LANGUAGE CODE
Language code of text/sound track or separate title eng
100 1# - MAIN ENTRY--PERSONAL NAME
Personal name Emery, Steve
245 00 - TITLE STATEMENT
Title Focus
Remainder of title cultural survival
260 ## - PUBLICATION, DISTRIBUTION, ETC.
Date of publication, distribution, etc. 2007
490 00 - SERIES STATEMENT
Series statement Fire Prevention and Fire Engineers Journal
Volume/sequential designation 66(277) February 2007, 18-34(16)
520 ## - SUMMARY, ETC.
Summary, etc. Stresses the need for counter disaster planning to ensure heritage sites can deal with fire and flood risks and carry out effective salvage operations. Discusses the need for fire engineers to develop effective strategies for historic buildings. Reports on the engineering solution at Taymouth Castle which ensures a high level of fire safety without compromising the building's historic importance. Describes the fire protection of University College, Durham. Describes how aspirating smoke detection can overcome many of the problems faced by conventional systems when used in heritage buildings.
590 ## - LOCAL NOTE (RLIN)
Local note KA
651 #4 - SUBJECT ADDED ENTRY--GEOGRAPHIC NAME
Geographic name England and Wales
Chronological subdivision 1543-
690 ## - LOCAL SUBJECT ADDED ENTRY--TOPICAL TERM (OCLC, RLIN)
Topical term or geographic name as entry element MANAGEMENT-HEALTH AND SAFETY-FIRE SAFETY
700 1# - ADDED ENTRY--PERSONAL NAME
Personal name Bryant, Paul
700 1# - ADDED ENTRY--PERSONAL NAME
Personal name Bennett, Colin
700 1# - ADDED ENTRY--PERSONAL NAME
Personal name Morgan, Nikki
700 1# - ADDED ENTRY--PERSONAL NAME
Personal name Pool, Adam
942 ## - ADDED ENTRY ELEMENTS (KOHA)
Suppress in OPAC 0
Holdings
Withdrawn status Lost status Source of classification or shelving scheme Damaged status Not for loan Home library Current library Shelving location Date acquired Total Checkouts Full call number Barcode Date last seen Copy number Price effective from Koha item type
    Dewey Decimal Classification     London London Journal article 15/02/2007   L136687 136687-1001 06/08/2019 1 06/08/2019 Journal article